Walt Disney World Facts Quiz Stats

 Plays Quiz not verified by Sporcle

Challenge
Share
Tweet
Embed
Score 0/10 Timer 02:00
0 Plays Today
Question Answer Wrong Answers
When did Walt Disney World open? 1971
86.8%
1955
5.3%
1966
3.8%
1982
4.2%
What are the secret, underground tunnels in Walt Disney World called? The Utilidors
76.6%
Pixie Dust Passage
9.4%
Lovely Lane
1.5%
There are no tunnels underneath WDW
4.2%
How many countries are in the Epcot world showcase? 11
74.3%
7
9.1%
6
1.5%
9
14.7%
When did Astro Orbiter open? What was it's name? 1974, Star Jets
51.7%
1989, Star Jets
14.3%
1974, Astro Orbiter
25.3%
1989, Astro Orbiter
6.4%
How tall is the Cinderella castle? 189 feet
50.6%
199 feet
28.7%
200 feet
8.7%
171 feet
9.4%
How many feet away are each trash can from each other? 30 feet
50.6%
15 feet
20.8%
20 feet
20%
32 feet
7.9%
On opening day, how much was an adult ticket? $3.50
47.9%
$25.00
6.8%
$1.75
27.5%
$5.00
15.5%
What color is not a color of the suit on the Dapper Dan's of Main Street USA? Orange
43.8%
Red
20.8%
Blue
15.8%
Green
15.1%
Approximately how many people go to Walt Disney World each year? 48 million people
39.2%
10 million people
14.7%
1 billion people
10.9%
26.2 million people
29.8%
What detail did Walt Disney have to add to the Disneyland/Disney World Enchanted Tiki Room? Bird Poop on the floors
32.8%
Each bird's name having no Y's
20.4%
Making the room smell of the Rainforest
30.9%
Some birds having food in their mouths
12.8%

You're not logged in!

Compare scores with friends on all Sporcle quizzes.
OR
Log In

You Might Also Like...

Show Comments

Extras

Created Mar 20, 2017ReportNominate
Tags:Disney Quiz, Disney World

Top Quizzes Today


Score Distribution

Your Account Isn't Verified!

In order to create a playlist on Sporcle, you need to verify the email address you used during registration. Go to your Sporcle Settings to finish the process.

Report this User

Report this user for behavior that violates our Community Guidelines.

Details: